Wings of Fire characters by letter - Statistics

General Stats
  • This quiz has been taken 291 times
  • The average score is 20 of 26
Answer Stats
Hint Answer % Correct
A She is an Animus and one of the heirs to the Seawing throne Anemone
99%
C This Mudwing is immune to fire Clay
97%
D The most powerful dragon that ever lived Darkstalker
94%
G The queen of the Rainwings and the Nightwings (book 4) Glory
87%
B He was the Nightwing that lost his life in the cave fire at the school Bigtail
86%
T She is the oldest heir to the Seawing tribe Tsunami
85%
P She has fire scale Peril
84%
S She is half Nightwing and half Sandwing Sunny
84%
K One of the guardians under the mountain Kestrel
83%
M She has the ability to read minds Moon Watcher
83%
Q He is Queen Thorn's most loyal subject Qibli
83%
U Clay's youngest brother Umber
83%
R One of Clay's brothers Reed
81%
L Blue's sister, (A character from Pantala) Luna
80%
W Nephew to the Icewing queen, son of Narwhal Winter
80%
F The Icewing killed while fighting Clay in the Skywing arena Fjord
79%
N One of his sons is Hailstorm Narwhal
76%
Z There is no Z, just type in Z. Z
76%
J The Sandwing animus Jerboa
74%
O Mudwing of the false Dragonet prophecy Ochre
74%
H He was killed in the Skywing arena by the fire scale dragon Horizon
69%
V Son of Queen Scarlet Vermilion
69%
I The best friend of Fathom (Character from the world of Pantala) Indigo
68%
E One of the queens of the Rainwings before Glory became queen Exquisite
66%
Y Sister to Queen Wasp, (Character is from Pantala) Yellowjacket
44%
X One of the flame silk dragons kept in prison, (A character from Pantala) Xenia
15%
No matching quizzes found
Score Distribution
Percent of People with Each Score
Percentile by Number Answered
Your Score History
You have not taken this quiz